000 00597nam a2200241Ia 4500
003 OSt
005 20220924144438.0
006 a|||||r|||| 00| 0
007 ta
008 220923b |||||||| |||| 00| 0 urd d
024 _a314489
037 _cTextual
040 _aARTS
_cARTS
_burd
041 _2urd
_aurd
082 _aO168,1N205x, K8
100 _aAli engb Miyan
_9217640
245 0 _aGokhru ke kante
260 _c1968
300 _a64p.
_ccm.
650 _aURDU POETRY
942 _hO168,1N205x, K8
_cTEXL
_2CC
999 _c457078
_d457078